|
|
|
|
| LEADER |
00000nab a2200000 a 4500 |
| 001 |
vtls000196956 |
| 003 |
SK-MaSNL |
| 005 |
20260304053844.0 |
| 008 |
250422c1984 xo 0 slo |
| 015 |
|
|
|a SNBRB19rr/mm-uuuuu
|
| 035 |
|
|
|a CL0207069
|
| 035 |
|
|
|a urn:nbn:sk:snk-ab2qzk
|
| 035 |
|
|
|a (urnnbn)urn:nbn:sk:snk:ar-a02trm
|
| 035 |
|
|
|a (uuid)3221c80d-73c8-49c9-a512-cde540d8e05e
|
| 040 |
|
|
|a SNKBUCL
|b slo
|c SNKBUCL
|e AACR2
|
| 041 |
0 |
|
|a cze
|
| 044 |
|
|
|a xo
|c SK
|
| 080 |
|
|
|a 624.014.2:347.56:061.3
|2 1981
|
| 080 |
|
|
|a 347.56
|2 1981
|
| 080 |
|
|
|a 061.3
|2 1981
|
| 100 |
1 |
|
|a Kárníková, Irena
|4 aut
|9 948581
|
| 245 |
1 |
0 |
|a Právní vztahy a otázky odpovědnosti při projektování a realizaci ocelových konstrukcí
|c Irena Kárníková
|
| 650 |
0 |
7 |
|a konštrukcie oceľové
|2 snkbucl
|9 489019
|
| 655 |
|
7 |
|a články z novín a časopisov
|2 snkbucl
|9 267496
|
| 773 |
0 |
|
|t Inženýrské stavby
|g Roč. 32, č. 4 (1984), s. 232
|
| 850 |
|
|
|a Slovenská národná knižnica
|
| 852 |
|
|
|a Slovenská národná knižnica
|
| 954 |
|
|
|a odborná, vedecká literatúra cudzojazyčná (svetová)
|2 lita
|
| 957 |
|
|
|a 3100
|
| 958 |
|
|
|a article2022
|
| 958 |
|
|
|a RK
|
| 958 |
|
|
|a CZ
|
| 958 |
|
|
|a OND
|
| 958 |
|
|
|a EUIPO
|
| 992 |
|
|
|a RBX
|
| 999 |
|
|
|c 2715708
|d 2717638
|